Statistiques concernant On va s'aimer [Paroles entières]

Cliquez ici pour prendre le quiz!

Statistiques générales

  • Ce quiz a été pris 1 132 fois
  • Le résultat moyen est 254 sur 300

Statistiques - réponses

XParoles% Correct
Refrain | StropheOn
100%
s'aimer
99%
va
99%
va
99%
à
97%
A
97%
Sur
97%
sur
97%
un
97%
96%
ou
96%
96%
la
95%
le
95%
Dans
94%
dans
94%
oreiller
94%
se
93%
Se
93%
une
93%
d'un
91%
es
91%
bateau
90%
est
90%
étoile
90%
peau
90%
brûler
89%
de
89%
l'amour
89%
vieux
89%
grenier
88%
Au
87%
au
87%
pont
86%
84%
fond
83%
avion
82%
beau
82%
Je
82%
plus
81%
ton
81%
toujours
81%
haut
80%
les
80%
visage
80%
train
79%
veux
77%
ciel
76%
découvrir
76%
nos
75%
toucher
74%
tu
74%
ailes
72%
des
72%
s'envoler
70%
comme
69%
belle
65%
ces
62%
hirondelles
61%
retrouver
60%
oh
59%
tellement
59%
prison
58%
murs
57%
séparer
57%
que
53%
encore
52%
maison
51%
Pour
50%
saisons
50%
amoureux
49%
clés
49%
d'autres
49%
d'la
49%
aux
48%
rêver
47%
toutes
47%
églises
46%
jeter
46%
murmurer
45%
coeur
44%
marches
44%
partir
44%
quitter
44%
banquises
43%
j'aime
43%
bétises
42%
bout
41%
dises
41%
réchauffer
41%
d'une
37%
fragile
35%
île
35%
l'habit
23%
oui
22%

Distribution des résultats

Percentile par nombre de réponses

% des personnes avec chaque résultat

Votre développement - résultats

Vous n’avez pas pris ce quiz